|
|
|
|
| LEADER |
00967nab a2200229 i 4500 |
| 001 |
acta84576 |
| 005 |
20240318093130.0 |
| 008 |
240318s2023 hu o 0|| hun d |
| 022 |
|
|
|a 0237-7934
|
| 024 |
7 |
|
|a 10.14232/aetas.2023.3.203-205
|2 doi
|
| 040 |
|
|
|a SZTE Egyetemi Kiadványok Repozitórium
|b hun
|
| 041 |
|
|
|a hun
|
| 100 |
1 |
|
|a Hajnáczky Tamás
|
| 245 |
1 |
0 |
|a Cigányzenész hangok a Nagy Háborúból - D. Szakács Anita
|h [elektronikus dokumentum] :
|b Ifj. Munczy Béla I. világháborús frontnaplói /
|c Hajnáczky Tamás
|
| 260 |
|
|
|c 2023
|
| 300 |
|
|
|a 203-205
|
| 490 |
0 |
|
|a Aetas
|v 38 No. 3
|
| 650 |
|
4 |
|a Bölcsészettudományok
|
| 650 |
|
4 |
|a Történettudomány és régészet
|
| 695 |
|
|
|a Munczy Béla - könyvismertetés, Világháború - 1. - forrás - könyvismertetés, Világháború - 1. - visszaemlékezés - könyvismertetés
|
| 700 |
0 |
2 |
|a D. Szakács Anita
|
| 856 |
4 |
0 |
|u http://acta.bibl.u-szeged.hu/84576/1/aetas_2023_003_203-205.pdf
|z Dokumentum-elérés
|